[Event "FRA-ch Blitz Online Qual"]
[Site "Europe Echecs INT"]
[Date "2020.05.16"]
[Round "15"]
[White "Durand Le Ludec, Brendan Bubok"]
[Black "Le Bas, Alexis"]
[Result "1-0"]
[WhiteElo "2205"]
[BlackElo "1889"]
[PlyCount "71"]
[EventDate "2020.05.16"]
[EventType "swiss (blitz)"]
[EventRounds "15"]
[EventCountry "FRA"]
[SourceTitle "CBM 196 Extra"]
[Source "ChessBase"]
[SourceDate "2020.07.31"]
[SourceVersion "1"]
[SourceVersionDate "2020.07.31"]
[SourceQuality "1"]

1. e4 d6 2. d4 Nf6 3. Nc3 g6 4. f3 Bg7 5. Be3 0-0 6. Qd2 Nc6 7. 0-0-0 a6 8. h4 h5 9. Bc4 b5 10. Bb3 Na5 11. Nh3 Nxb3+ 12. axb3 b4 13. Ne2 a5 14. Bh6 a4 15. Bxg7 Kxg7 16. e5 dxe5 17. dxe5 axb3 18. exf6+ exf6 19. cxb3 Ra1+ 20. Kc2 Bf5+ 21. Qd3 Bxd3+ 22. Rxd3 Qe7 23. Rxa1 Qxe2+ 24. Rd2 Qe5 25. Nf2 f5 26. Nd3 Qe7 27. Re1 Qxh4 28. Rde2 Rd8 29. Ne5 c5 30. Nc4 Rd7 31. Ne5 Rd4 32. Nc4 Qf6 33. Re7 f4 34. Kc1 Qf5 35. Ne5 Qc8 36. Nxf7 1-0

[Event "FRA-ch Blitz Online Qual"]
[Site "Europe Echecs INT"]
[Date "2020.05.16"]
[Round "6"]
[White "Le Bas, Alexis"]
[Black "Roque, Gaetan"]
[Result "0-1"]
[WhiteElo "1889"]
[BlackElo "2128"]
[PlyCount "44"]
[EventDate "2020.05.16"]
[EventType "swiss (blitz)"]
[EventRounds "15"]
[EventCountry "FRA"]
[SourceTitle "CBM 196 Extra"]
[Source "ChessBase"]
[SourceDate "2020.07.31"]
[SourceVersion "1"]
[SourceVersionDate "2020.07.31"]
[SourceQuality "1"]

1. d4 d5 2. Bf4 Nf6 3. Nf3 c5 4. c3 Qb6 5. Qc1 Nc6 6. e3 Bf5 7. Nbd2 e6 8. Be2 Rc8 9. a3 Ne4 10. 0-0 Be7 11. Ra2 0-0 12. Ne1 cxd4 13. exd4 Nxd4 14. Bd1 Nc6 15. Be3 d4 16. cxd4 Nxd4 17. Qa1 Nxd2 18. Bxd2 Nb3 19. Bxb3 Qxb3 20. Be3 e5 21. Nf3 Be6 22. Nxe5 Qxa2 0-1

[Event "Issy les Moulineaux tt"]
[Site "Issy les Moulineaux"]
[Date "2005.04.17"]
[Round "6"]
[White "Le Bas, Alexis"]
[Black "Franot, Philippe"]
[Result "0-1"]
[WhiteElo "2120"]
[BlackElo "2163"]
[PlyCount "68"]
[EventDate "2004.11.21"]
[EventType "team"]
[EventRounds "7"]
[EventCountry "FRA"]
[SourceTitle "EXT 2007"]
[Source "ChessBase"]
[SourceDate "2006.11.23"]
[SourceVersion "1"]
[SourceVersionDate "2006.11.23"]
[SourceQuality "1"]

1. d4 Nf6 2. c4 c5 3. d5 b5 4. Nc3 b4 5. Na4 d6 6. g3 g6 7. Bg2 Qa5 8. b3 Bg7 9. Bb2 Bd7 10. Nf3 Bxa4 11. bxa4 Nbd7 12. 0-0 Nb6 13. Rc1 Qxa4 14. e4 0-0 15. Qe2 Qxa2 16. Rfe1 Ng4 17. e5 a5 18. Rc2 Qb3 19. exd6 exd6 20. Bxg7 Kxg7 21. Rec1 Rfe8 22. Qd2 Ne5 23. Nxe5 Rxe5 24. Rb2 Nxc4 25. Rxb3 Nxd2 26. Rb2 Ne4 27. f4 Re7 28. Re2 f5 29. g4 a4 30. gxf5 gxf5 31. Bh3 Kf6 32. Bf1 a3 33. Rg2 b3 34. Bc4 b2 0-1